000 00340pab a2200121 454500
008 180718b2002 xxu||||| |||| 00| 0 eng d
245 _aSPECIAL issue on environmental in justice
260 _c2002
300 _ap.143-417.
650 _aEnvironmental legislation
773 _aInternational Journal of Public Administration
909 _a52805
999 _c52805
_d52805